| 000 | 01498cam a22003135a 4500 | ||
|---|---|---|---|
| 001 | 17813239 | ||
| 005 | 20180109115325.0 | ||
| 008 | 130716s2014 enka frbf f001 0 eng d | ||
| 020 | _a9780199644438 | ||
| 020 | _a0199644438 | ||
| 040 |
_aDLC _beng _cDLC _dEG-ScBUE |
||
| 082 | 0 | 4 |
_a616.4 _222 _bOXF |
| 245 | 0 | 0 |
_aOxford handbook of endocrinology and diabetes / _ceditor John Wass, Katharine Owen, Helen Turner. |
| 246 | 3 | _aHandbook of endocrinology and diabetes | |
| 246 | 3 | _aEndocrinology and diabetes | |
| 250 | _a3rd ed. | ||
| 260 |
_aOxford : _bOxford University Press, _c2014. |
||
| 300 |
_a902 p. : _bill. ; _c19 cm. |
||
| 500 | _aIncludes bibliographical references and index. | ||
| 505 | 0 | _aMachine generated contents note: 1.Thyroid -- 2.Pituitary -- 3.Adrenal -- 4.Reproductive endocrinology -- 5.Endocrinology in pregnancy -- 6.Calcium and bone metabolism -- 7.Paediatric endocrinology -- 8.Neuroendocrine disorders -- 9.Inherited endocrine syndromes and MEN -- 10.Endocrine surgery -- 11.Endocrinology and ageing -- 12.Endocrinology aspects of other clinical or physiological situations -- 13.Diabetes -- 14.Lipids and hyperlipidaemia -- 15.Obesity. | |
| 650 | 7 |
_aEndocrinology _vHandbooks, manuals, etc. _2BUEsh |
|
| 650 | 7 |
_aDiabetes _vHandbooks, manuals, etc. _2BUEsh _927258 |
|
| 651 | _2BUEsh | ||
| 653 |
_bNNUR _cJanuary2018 |
||
| 700 | 1 |
_aWass, J. A. H. _eeditor. |
|
| 700 | 1 |
_aOwen, Katharine, _eeditor. |
|
| 700 | 1 |
_aTurner, Helen E., _d1967- _eeditor. |
|
| 942 | _2ddc | ||
| 999 |
_c25905 _d25877 |
||